| 000 | 01020nas a2200325 4500 | ||
|---|---|---|---|
| 001 | BR0603516 | ||
| 003 | BR-BrBNA | ||
| 005 | 20231205110230.0 | ||
| 007 | ta | ||
| 008 | 230509b bl.|||p| |||| 00| 00por d | ||
| 040 |
_aBR-BrBNA _bpor _cBiblioteca Nacional de Agricultura |
||
| 041 | _a(Pt) | ||
| 072 | _aK10 | ||
| 100 | 1 | _aVarela, V.P. | |
| 100 | 1 | _aMelo, M. de F.F. | |
| 100 | 1 | _aRibeiro, M.N.S. | |
| 100 | 1 | _aPinto, S.F. | |
| 245 | 1 | _aGerminação de sementes de periquiteiro (Trema micrantha (L.)Blume), submetidas a diferentes tratamentos para a superação de dormência | |
| 650 | _aTREMA MICRANTHA | ||
| 650 | _aCRINDIUVA | ||
| 650 | _aÁRVORE ANGIOSPERMA | ||
| 650 | _aCELULOSE | ||
| 650 | _aGERMINAÇÃO | ||
| 650 | _aDORMÊNCIA DA SEMENTE | ||
| 650 | _aTEMPERATURA | ||
| 650 | _aÁCIDO SULFÚRICO | ||
| 773 | 0 |
_tRevista de Ciências Agrárias (Brazil) _xISSN 1517-591X _g(Jan-Jun 2005), no. 43 p. 115-128 _wBR0603516 |
|
| 909 |
_a202311 _bLúcia _c55 _dLúcia Elande |
||
| 942 |
_2AGRIS _n0 _cANA |
||
| 999 |
_c186603 _d186603 |
||